000 00213nam a22000857a 4500
008 161122b xxu||||| |||| 00| 0 eng d
100 _91315
_aKalra.P.S.etal.
245 _aMathematics-VII
260 _aNew Delhi
_bABD
_c2009
999 _c4028
_d4028